000 00514nam a2200145Ia 4500
008 220216s9999 xx 000 0 und d
100 _aMercy M.A.
245 0 _aEvaluation of Hevea germplasm: Observations on certain prominent traits in a conservatory
260 _bISPGR Dialogue in Plant Genetic Resources: Developing National Policy, December 1993, NBPGR, New Delhi, India.
_c1993
650 _aGermplasm evaluation
700 _aAbraham S.T.
700 _aGeorge P.J.
700 _aPotty S.N.
942 _cBS
999 _c49959
_d49959